000 00765nam a22002297a 4500
003 UA-OsUOA
001 97145
007 ta
008 20130326b un ||||| |||| 00| 0 ukr d
100 _aНекрасов В. П.
090 _a821.161.1
_bН48
942 _cBK
040 _aUA-OsUOA
_brus
_cUA-OsUOA
_dUA-OsUOA
245 _aПо обе стороны океана; Записки зеваки; Саперлипопет, или Если б да кабы, да во рту росли грибы...
300 _a400 с.
955 _a3
041 _arus
080 _a821.161.1
260 _aМ.
_bХудожественная литература
_c1991
650 7 _a82 Література. Літературознавство
_2UDC
999 _c383402
_d383402